| 000 | 00625nam a22001937a 4500 | ||
|---|---|---|---|
| 999 |
_c192666 _d192666 |
||
| 005 | 20220929111622.0 | ||
| 010 | _aB-745727 | ||
| 020 |
_a9789384926328 _c250.00 |
||
| 037 | _bPrudence Publisher | ||
| 082 | _a921 | ||
| 100 | _aSoni, Prakash Ved | ||
| 245 |
_aRamakrishna Paramahansa/ _cVed Prakash Soni |
||
| 250 | _a1st | ||
| 260 |
_aDelhi _bPrudence Publisher _c2021 |
||
| 270 |
_a518/6B, 2nd Floor, Karakari Road, Vishwas Nagar, Shahdara _b Delhi _e110032 |
||
| 300 |
_a104p. _c23cm(Hbk) |
||
| 942 |
_2ddc _cEN _h921 _mSON |
||